000 00788nam a2200229Ia 4500
003 OSt
005 20230923103920.0
008 210716s2003 xx 000 0 und d
020 _a9780070495098
040 _cAIMIT LIBRARY
041 _aeng
082 _a005.13
_23
_bMARJ
100 _aMartin, John C.
_9134882
245 _aIntroduction to languages and the theory of computation /
_cMartin, John C.
250 _a3rd ed.
260 _aNew Delhi :
_bTata McGraw Hill Publishing Company Ltd ,
_c2003.
300 _axiii,543p. ;
_bPB
_c23 cm.
650 _aMathematical induction and recursive definitions
_9134883
650 _aRegular languages and finite automata
_9134884
650 _aIntroduction to computational complexity
_9134885
942 _2ddc
_cBK
_e3rd ed.
_k005.13 MARJ
999 _c185423
_d185423